00539nam a22001457a 4500008004100000020001800041082001500059100002500074245003600099260004200135300001800177942000600195952017500201999001700376251106b |||||||| |||| 00| 0 eng d aB81582703427A a332.11 EBC aEastern Book Company aReserve Bank of India Act, 1934 aNew DelhibEastern Book Companyc2024 aiv, 157 pages cC 00102ddc406332_110000000000000_EBC708UG988748aSLbSLc8d2025-11-06eEastern Book Companyg340.00l0o332.11 EBCpSL5094r2025-11-06yRzRack No. R03 Shelf No. 117 c64038d64038